LIBRARY ONLINE CATALOGUE

Man, civilization, and conquest : (Record no. 9488)

MARC details
000 -LEADER
fixed length control field 00639cam a22002052 4500
001 - CONTROL NUMBER
control field 0000020736
005 - DATE AND TIME OF LATEST TRANSACTION
control field 20151217152221.0
008 - FIXED-LENGTH DATA ELEMENTS--GENERAL INFORMATION
fixed length control field 111007s xx 000 0 eng d
020 ## - INTERNATIONAL STANDARD BOOK NUMBER
International Standard Book Number 0237287641 :
040 ## - CATALOGING SOURCE
Original cataloging agency KABU
Transcribing agency KABU
100 1# - MAIN ENTRY--PERSONAL NAME
Personal name Sharman, Margaret.
-- 0000053736
245 10 - TITLE STATEMENT
Title Man, civilization, and conquest :
Remainder of title from prehistory to world exploration /
Statement of responsibility, etc. Margaret Sharman.
250 ## - EDITION STATEMENT
Edition statement 1st ed.
260 ## - PUBLICATION, DISTRIBUTION, ETC. (IMPRINT)
Place of publication, distribution, etc. London :
Name of publisher, distributor, etc. Evans,
Date of publication, distribution, etc. 1972.
300 ## - PHYSICAL DESCRIPTION
Extent vii, 184 p.
650 #0 - SUBJECT ADDED ENTRY--TOPICAL TERM
Topical term or geographic name as entry element Civilization
General subdivision History
Chronological subdivision Through to 1800.
-- 0000181281
852 1# - LOCATION
-- p620 KES
908 ## - PUT COMMAND PARAMETER (RLIN)
Put command parameter 111007
950 ## - LOCAL HOLDINGS (RLIN)
-- 1
Holdings
Withdrawn status Lost status Source of classification or shelving scheme Not for loan Home library Current library Date acquired Total Checkouts Full call number Barcode Date last seen Date last checked out Price effective from Koha item type
    Library of Congress Classification   Kabarak, Main Campus Kabarak, Main Campus 17/12/2015 4 CB25 .S53 1972 c.1 21534 30/10/2019 30/10/2019 17/12/2015 General Collection